000 00326nam a2200133Ia 4500
005 20260328104244.0
008 260328s9999||||xx |||||||||||||| ||und||
100 _aLeavitt, Mel
245 2 _aA short History of New Orleans /
_cMel Leavitt
260 _bLexikos
300 _a160 p.
650 _aESTADOS UNIDOS
942 _cBK
999 _c10014
_d10014